City to Country Quiz #4 - Statistics

General Stats
  • This quiz has been taken 83,898 times
  • The average score is 17 of 27
Answer Stats
City Country % Correct
Bordeaux France
97%
Seville Spain
93%
Brisbane Australia
90%
Abu Dhabi United Arab Emirates
89%
Turin Italy
87%
Cancun Mexico
84%
Kaliningrad Russia
83%
Phuket Thailand
80%
Coventry United Kingdom
78%
Phnom Penh Cambodia
77%
Christchurch New Zealand
77%
Nassau Bahamas
73%
Lübeck Germany
70%
Sapporo Japan
69%
Medina Saudi Arabia
67%
Boise United States
66%
Türkmenbaşy Turkmenistan
63%
Busan South Korea
55%
Mombasa Kenya
53%
Naypyidaw Myanmar
47%
Aswan Egypt
43%
Faro Portugal
38%
Curitiba Brazil
36%
Varanasi India
36%
Cluj-Napoca Romania
35%
Denpasar Indonesia
34%
Kisangani D.R. Congo
22%
No matching quizzes found
Score Distribution
Percent of People with Each Score
Percentile by Number Answered
Your Score History
You have not taken this quiz